[Event "Iran Women Ch.2016"]
[Site "Tehran"]
[Date "2016.01.22"]
[Round "9.3"]
[White "Hejazipour, Mitra"]
[Black "Zahedifar, Anahita"]
[Result "1/2-1/2"]
[BlackElo "1982"]
[WhiteElo "2357"]
[LiveChessVersion "1.4.7"]

1. d4 {[%clk 1:21:47]} d5 {[%clk 1:30:56]} 2. c4 {[%clk 1:22:02]} c6
{[%clk 1:31:23]} 3. Nf3 {[%clk 1:22:28]} Nf6 {[%clk 1:31:47]} 4. Qc2
{[%clk 1:22:40]} dxc4 {[%clk 1:31:31]} 5. Qxc4 {[%clk 1:23:00]} Bf5
{[%clk 1:31:42]} 6. g3 {[%clk 1:23:10]} e6 {[%clk 1:31:21]} 7. Bg2
{[%clk 1:23:28]} Nbd7 {[%clk 1:31:38]} 8. O-O {[%clk 1:23:43]} Be7
{[%clk 1:31:22]} 9. Rd1 {[%clk 1:23:50]} O-O {[%clk 1:29:55]} 10. e3
{[%clk 1:23:53]} Rc8 {[%clk 1:26:59]} 11. Nc3 {[%clk 1:22:54]} Ne4
{[%clk 1:25:18]} 12. Qe2 {[%clk 1:20:00]} Nxc3 {[%clk 1:24:17]} 13. bxc3
{[%clk 1:20:27]} Be4 {[%clk 1:24:39]} 14. Bf1 {[%clk 0:55:32]} Qa5
{[%clk 1:21:20]} 15. Nd2 {[%clk 0:49:46]} Bc2 {[%clk 1:18:26]} 1/2-1/2

[Event "Iran Women Ch.2016"]
[Site "Tehran"]
[Date "2016.01.22"]
[Round "9.4"]
[White "Hashemi, Seyede Fatemeh"]
[Black "Alavi, Homa"]
[Result "0-1"]
[BlackElo "1935"]
[WhiteElo "1812"]
[LiveChessVersion "1.4.7"]

1. e4 {[%clk 1:30:46]} d6 {[%clk 1:25:21]} 2. d4 {[%clk 1:30:21]} Nf6
{[%clk 1:25:32]} 3. Nc3 {[%clk 1:29:57]} e5 {[%clk 1:25:33]} 4. Nf3
{[%clk 1:28:12]} Nbd7 {[%clk 1:22:34]} 5. Bc4 {[%clk 1:22:39]} Be7
{[%clk 1:21:33]} 6. O-O {[%clk 1:21:29]} O-O {[%clk 1:21:03]} 7. Qe2
{[%clk 1:18:48]} c6 {[%clk 1:18:29]} 8. Bb3 {[%clk 1:15:16]} Qc7 {[%clk 1:12:27]}
9. Bg5 {[%clk 1:09:39]} Re8 {[%clk 0:58:54]} 10. Rad1 {[%clk 1:07:20]} Nf8
{[%clk 0:57:52]} 11. d5 {[%clk 0:59:17]} Bg4 {[%clk 0:52:07]} 12. Qc4
{[%clk 0:47:34]} Bxf3 {[%clk 0:42:40]} 13. gxf3 {[%clk 0:46:03]} c5
{[%clk 0:42:36]} 14. Ba4 {[%clk 0:40:29]} Red8 {[%clk 0:41:54]} 15. f4
{[%clk 0:30:22]} exf4 {[%clk 0:32:47]} 16. Bxf4 {[%clk 0:24:56]} Ng6
{[%clk 0:31:01]} 17. Bg3 {[%clk 0:22:57]} a6 {[%clk 0:30:39]} 18. e5
{[%clk 0:15:46]} Nxe5 {[%clk 0:27:08]} 19. Bxe5 {[%clk 0:11:58]} dxe5
{[%clk 0:27:32]} 20. d6 {[%clk 0:03:11]} Bxd6 {[%clk 0:27:34]} 21. Qd3
{[%clk 0:02:09]} e4 {[%clk 0:24:51]} 22. Qh3 {[%clk 0:01:07]} b5 {[%clk 0:25:14]}
23. Bxb5 {[%clk 0:00:51]} axb5 {[%clk 0:25:43]} 24. Nxb5 {[%clk 0:01:11]} Qc6
{[%clk 0:22:53]} 25. Nc3 {[%clk 0:01:07]} Be5 {[%clk 0:22:45]} 26. Rxd8+
{[%clk 0:00:49]} Rxd8 {[%clk 0:23:14]} 27. Rd1 {[%clk 0:00:53]} Rxd1+
{[%clk 0:18:56]} 28. Nxd1 {[%clk 0:01:19]} Qd7 {[%clk 0:19:15]} 0-1

[Event "Iran Women Ch.2016"]
[Site "Tehran"]
[Date "2016.01.22"]
[Round "9.5"]
[White "Kalantari, Sedigheh"]
[Black "Asgarizadeh, Minoo"]
[Result "0-1"]
[BlackElo "2167"]
[WhiteElo "1958"]
[LiveChessVersion "1.4.7"]

1. e4 {[%clk 1:30:57]} g6 {[%clk 1:30:52]} 2. d4 {[%clk 1:31:22]} Bg7
{[%clk 1:31:18]} 3. Nf3 {[%clk 1:31:44]} d6 {[%clk 1:31:44]} 4. Bc4
{[%clk 1:32:02]} e6 {[%clk 1:28:35]} 5. c3 {[%clk 1:31:27]} Ne7 {[%clk 1:27:20]}
6. Bf4 {[%clk 1:26:35]} O-O {[%clk 1:21:03]} 7. O-O {[%clk 1:26:04]} Nd7
{[%clk 1:20:43]} 8. h3 {[%clk 1:18:30]} b6 {[%clk 1:17:38]} 9. Nbd2
{[%clk 1:17:34]} Bb7 {[%clk 1:17:54]} 10. Re1 {[%clk 1:14:12]} d5
{[%clk 1:08:11]} 11. Bd3 {[%clk 1:12:49]} dxe4 {[%clk 1:04:11]} 12. Nxe4
{[%clk 1:13:06]} c5 {[%clk 0:59:46]} 13. dxc5 {[%clk 1:10:02]} Nxc5
{[%clk 0:59:39]} 14. Nxc5 {[%clk 1:08:09]} bxc5 {[%clk 1:00:07]} 15. Qe2
{[%clk 1:07:55]} Nd5 {[%clk 0:58:06]} 16. Bg3 {[%clk 1:05:38]} Rc8
{[%clk 0:52:11]} 17. Bc4 {[%clk 0:51:21]} Bh6 {[%clk 0:43:04]} 18. Rad1
{[%clk 0:46:56]} Qf6 {[%clk 0:41:50]} 19. Be5 {[%clk 0:35:29]} Qe7
{[%clk 0:41:33]} 20. Ba6 {[%clk 0:27:56]} Nf4 {[%clk 0:33:32]} 21. Bxf4
{[%clk 0:27:48]} Bxf4 {[%clk 0:31:54]} 22. Bxb7 {[%clk 0:24:11]} Qxb7
{[%clk 0:32:21]} 23. g3 {[%clk 0:24:07]} Bh6 {[%clk 0:31:44]} 24. Ne5
{[%clk 0:22:00]} Rfd8 {[%clk 0:31:11]} 25. Nc4 {[%clk 0:20:55]} Qa6
{[%clk 0:29:32]} 26. a3 {[%clk 0:18:35]} Rd5 {[%clk 0:27:07]} 27. f4
{[%clk 0:11:40]} Bg7 {[%clk 0:22:37]} 28. Qe4 {[%clk 0:05:38]} Rcd8
{[%clk 0:17:03]} 29. Ne3 {[%clk 0:05:51]} Rd3 {[%clk 0:13:17]} 30. Rxd3
{[%clk 0:04:52]} Qxd3 {[%clk 0:12:12]} 31. Qxd3 {[%clk 0:04:53]} Rxd3
{[%clk 0:12:41]} 32. Kf2 {[%clk 0:05:06]} e5 {[%clk 0:13:00]} 33. Rd1
{[%clk 0:01:17]} Rxd1 {[%clk 0:13:10]} 34. Nxd1 {[%clk 0:01:47]} exf4 35. gxf4
{[%clk 0:02:16]} Kf8 {[%clk 0:13:53]} 36. Ne3 {[%clk 0:00:39]} f5
{[%clk 0:13:45]} 37. Nd5 {[%clk 0:00:34]} Ke8 {[%clk 0:13:07]} 38. Ke3
{[%clk 0:00:38]} Kd7 {[%clk 0:12:56]} 39. Kd3 {[%clk 0:00:40]} Kd6
{[%clk 0:13:00]} 40. Kc4 {[%clk 0:00:57]} h6 {[%clk 0:13:12]} 41. h4
{[%clk 0:00:41]} Bh8 {[%clk 0:06:15]} 42. b4 {[%clk 0:00:40]} cxb4
{[%clk 0:06:43]} 43. axb4 {[%clk 0:00:33]} a6 {[%clk 0:06:38]} 44. Ne3
{[%clk 0:00:37]} h5 {[%clk 0:06:40]} 45. Kd3 {[%clk 0:00:40]} Bf6
{[%clk 0:06:59]} 46. Ng2 {[%clk 0:01:09]} Kc6 {[%clk 0:06:59]} 47. c4
{[%clk 0:00:51]} Be7 {[%clk 0:07:18]} 48. Kc3 {[%clk 0:01:03]} Kb6
{[%clk 0:06:58]} 49. Kb3 {[%clk 0:01:23]} Bf6 {[%clk 0:06:58]} 50. Kc2
{[%clk 0:00:42]} a5 {[%clk 0:05:45]} 51. bxa5+ {[%clk 0:00:51]} Kxa5
{[%clk 0:06:14]} 52. Kb3 {[%clk 0:01:06]} Kb6 {[%clk 0:06:27]} 53. Kb4
{[%clk 0:00:44]} Be7+ {[%clk 0:06:56]} 54. Kb3 {[%clk 0:00:32]} Kc5
{[%clk 0:07:20]} 55. Ne1 {[%clk 0:00:33]} Bxh4 {[%clk 0:06:49]} 56. Nd3+
{[%clk 0:00:57]} Kb6 {[%clk 0:06:04]} 57. Kb4 {[%clk 0:00:32]} Bg3
{[%clk 0:06:15]} 58. c5+ {[%clk 0:00:45]} Kc7 {[%clk 0:06:42]} 59. Ne5
{[%clk 0:00:40]} h4 {[%clk 0:07:01]} 60. Nxg6 {[%clk 0:00:33]} h3
{[%clk 0:07:18]} 0-1

[Event "Iran Women Ch.2016"]
[Site "Tehran"]
[Date "2016.01.22"]
[Round "9.7"]
[White "Asgharzadeh, Mitra"]
[Black "Mobarhani, Nazanin"]
[Result "1-0"]
[BlackElo "1856"]
[WhiteElo "1907"]
[LiveChessVersion "1.4.7"]

1. Nf3 {[%clk 1:30:55]} d5 {[%clk 1:26:26]} 2. g3 {[%clk 1:31:16]} Bg4
{[%clk 1:26:40]} 3. Bg2 {[%clk 1:31:39]} Nd7 {[%clk 1:27:00]} 4. d3
{[%clk 1:31:22]} e6 {[%clk 1:26:10]} 5. O-O {[%clk 1:31:36]} Bd6 {[%clk 1:26:33]}
6. Nbd2 {[%clk 1:31:32]} Ne7 {[%clk 1:26:05]} 7. e4 {[%clk 1:30:07]} O-O
{[%clk 1:24:23]} 8. Re1 {[%clk 1:29:15]} c5 {[%clk 1:24:32]} 9. h3
{[%clk 1:28:56]} Bxf3 {[%clk 1:24:10]} 10. Nxf3 {[%clk 1:28:26]} Nc6
{[%clk 1:24:05]} 11. c3 {[%clk 1:27:22]} d4 12. cxd4 {[%clk 1:15:58]} cxd4
{[%clk 1:15:38]} 13. a3 {[%clk 1:15:05]} a5 {[%clk 1:12:48]} 14. b3
{[%clk 1:14:25]} Qb6 {[%clk 1:09:44]} 15. Nd2 {[%clk 1:11:00]} Qa6
{[%clk 1:04:49]} 16. Bb2 {[%clk 1:05:20]} e5 {[%clk 0:55:27]} 17. Rc1
{[%clk 1:00:12]} Rac8 {[%clk 0:51:17]} 18. h4 {[%clk 0:55:19]} Na7
{[%clk 0:47:21]} 19. Nc4 {[%clk 0:52:36]} Nb5 {[%clk 0:43:31]} 20. Bh3
{[%clk 0:46:51]} Rcd8 {[%clk 0:41:31]} 21. a4 {[%clk 0:34:43]} Na7
{[%clk 0:41:56]} 22. Nxd6 {[%clk 0:32:40]} Qxd6 {[%clk 0:42:20]} 23. Qd2
{[%clk 0:32:49]} Nc6 {[%clk 0:35:24]} 24. Rc2 {[%clk 0:30:04]} Nc5
{[%clk 0:31:10]} 25. Qd1 {[%clk 0:22:58]} Nb4 {[%clk 0:30:14]} 26. Rd2
{[%clk 0:21:27]} Nbxd3 {[%clk 0:27:04]} 27. Rxd3 {[%clk 0:20:59]} Nxd3
{[%clk 0:27:30]} 28. Qxd3 {[%clk 0:21:22]} Qb4 {[%clk 0:24:15]} 29. Ra1
{[%clk 0:19:43]} Rfe8 {[%clk 0:23:59]} 30. Ba3 {[%clk 0:20:03]} Qb6
{[%clk 0:21:46]} 31. Rc1 {[%clk 0:20:13]} Qf6 {[%clk 0:20:54]} 32. Rc7
{[%clk 0:18:10]} Rb8 {[%clk 0:15:48]} 33. Qc4 {[%clk 0:16:54]} g6
{[%clk 0:09:03]} 34. Bc1 {[%clk 0:16:12]} h5 {[%clk 0:03:24]} 35. Bg5
{[%clk 0:16:22]} Qg7 {[%clk 0:01:55]} 36. Bd7 {[%clk 0:16:34]} Red8
{[%clk 0:00:36]} 37. Bxd8 {[%clk 0:16:45]} Rxd8 {[%clk 0:01:05]} 38. Rc8
{[%clk 0:14:24]} Rxc8 {[%clk 0:01:25]} 39. Qxc8+ {[%clk 0:14:19]} Kh7
{[%clk 0:01:43]} 40. Qxb7 {[%clk 0:14:17]} Qf6 {[%clk 0:01:14]} 41. Qd5
{[%clk 0:14:14]} Qf3 {[%clk 0:01:01]} 42. Bb5 {[%clk 0:14:14]} g5
{[%clk 0:00:43]} 43. Bc4 {[%clk 0:11:56]} Kg6 {[%clk 0:00:39]} 44. hxg5
{[%clk 0:11:34]} Qd1+ {[%clk 0:00:36]} 45. Kg2 {[%clk 0:11:50]} h4
{[%clk 0:00:36]} 46. Qxf7+ {[%clk 0:12:05]} Kxg5 {[%clk 0:01:03]} 47. Qg7+
{[%clk 0:12:06]} 1-0

[Event "Iran Women Ch.2016"]
[Site "Tehran"]
[Date "2016.01.22"]
[Round "9.8"]
[White "Afshar, Niusha"]
[Black "Hamedi Nia, Vesal"]
[Result "1/2-1/2"]
[BlackElo "1833"]
[WhiteElo "1961"]
[LiveChessVersion "1.4.7"]

1. e4 {[%clk 1:30:55]} c5 {[%clk 1:30:53]} 2. c3 {[%clk 1:31:10]} d6
{[%clk 1:31:09]} 3. d4 {[%clk 1:31:32]} Nf6 {[%clk 1:31:17]} 4. Bd3
{[%clk 1:31:10]} g6 {[%clk 1:30:53]} 5. h3 {[%clk 1:31:01]} Bg7 {[%clk 1:30:57]}
6. Nf3 {[%clk 1:28:42]} O-O {[%clk 1:31:08]} 7. O-O {[%clk 1:28:25]} a6
{[%clk 1:28:49]} 8. a4 {[%clk 1:27:57]} b6 {[%clk 1:27:22]} 9. Bf4
{[%clk 1:25:36]} Bb7 {[%clk 1:26:35]} 10. d5 {[%clk 1:23:17]} Nbd7
{[%clk 1:26:15]} 11. Na3 {[%clk 1:22:37]} Qc7 {[%clk 1:24:48]} 12. Qe2
{[%clk 1:20:59]} Nh5 {[%clk 1:23:38]} 13. Bh2 {[%clk 1:20:46]} Rfe8
{[%clk 1:22:16]} 14. Qd2 {[%clk 1:15:31]} Rac8 {[%clk 1:18:25]} 15. Rfe1
{[%clk 1:14:24]} Rcd8 {[%clk 1:15:31]} 16. Rad1 {[%clk 1:12:44]} Ra8
{[%clk 1:08:33]} 17. Ra1 {[%clk 1:09:36]} Rad8 {[%clk 1:06:34]} 18. Rad1
{[%clk 1:09:57]} Ra8 {[%clk 1:06:36]} 19. Ra1 {[%clk 1:07:25]} Rad8
{[%clk 1:04:47]} 1/2-1/2

[Event "Iran Women Ch.2016"]
[Site "Tehran"]
[Date "2016.01.22"]
[Round "9.9"]
[White "Mahdian, Anousha"]
[Black "Karimi, Yeganeh"]
[Result "0-1"]
[BlackElo "1971"]
[WhiteElo "1811"]
[LiveChessVersion "1.4.7"]

1. d4 {[%clk 1:30:58]} Nf6 {[%clk 1:30:56]} 2. c4 {[%clk 1:31:23]} e6
{[%clk 1:31:22]} 3. Nc3 {[%clk 1:31:25]} c5 {[%clk 1:31:48]} 4. d5
{[%clk 1:31:46]} exd5 {[%clk 1:32:17]} 5. cxd5 {[%clk 1:32:07]} d6
{[%clk 1:32:45]} 6. e4 {[%clk 1:32:28]} g6 {[%clk 1:33:06]} 7. f3
{[%clk 1:32:50]} a6 {[%clk 1:33:04]} 8. a4 {[%clk 1:33:14]} Bg7 {[%clk 1:33:31]}
9. Bg5 {[%clk 1:33:39]} O-O {[%clk 1:33:45]} 10. Qd2 {[%clk 1:34:00]} Re8
{[%clk 1:33:37]} 11. Nge2 {[%clk 1:34:22]} Nbd7 {[%clk 1:32:11]} 12. Nd1
{[%clk 1:34:44]} Rb8 {[%clk 1:31:25]} 13. Nec3 {[%clk 1:32:04]} Qa5
{[%clk 1:24:09]} 14. Ra2 {[%clk 1:23:03]} Ne5 {[%clk 1:17:05]} 15. Be2
{[%clk 1:23:15]} Qc7 {[%clk 1:13:51]} 16. O-O {[%clk 1:21:42]} c4
{[%clk 1:11:12]} 17. a5 {[%clk 1:18:50]} b5 {[%clk 1:00:08]} 18. axb6
{[%clk 1:18:57]} Qxb6+ {[%clk 0:59:04]} 19. Be3 {[%clk 1:02:45]} Qc7
{[%clk 0:58:41]} 20. Ra4 {[%clk 1:00:03]} a5 {[%clk 0:48:43]} 21. f4
{[%clk 0:52:46]} Nd3 {[%clk 0:48:29]} 22. Bxd3 {[%clk 0:53:02]} cxd3
{[%clk 0:48:58]} 23. Qxd3 {[%clk 0:52:22]} Bd7 {[%clk 0:47:00]} 24. Rc4
{[%clk 0:38:25]} Qb7 {[%clk 0:45:44]} 25. Qc2 {[%clk 0:26:36]} Ng4
{[%clk 0:35:19]} 26. Bf2 {[%clk 0:20:31]} f5 {[%clk 0:31:15]} 27. h3
{[%clk 0:15:36]} Nxf2 {[%clk 0:31:36]} 28. Rxf2 {[%clk 0:15:35]} fxe4
{[%clk 0:29:05]} 29. Rxe4 {[%clk 0:11:15]} Rxe4 {[%clk 0:28:24]} 30. Qxe4
{[%clk 0:11:37]} Re8 {[%clk 0:28:06]} 31. Qc4 {[%clk 0:11:23]} Qb6
{[%clk 0:26:47]} 32. Kh2 {[%clk 0:07:35]} Re1 {[%clk 0:26:23]} 33. Kg3
{[%clk 0:03:36]} g5 {[%clk 0:19:18]} 34. Re2 {[%clk 0:00:38]} gxf4+
{[%clk 0:19:17]} 35. Kf3 {[%clk 0:01:00]} Rf1+ {[%clk 0:19:21]} 36. Ke4
{[%clk 0:00:58]} Qd8 {[%clk 0:18:40]} 37. Kd3 {[%clk 0:00:41]} f3
{[%clk 0:17:30]} 38. gxf3 {[%clk 0:00:48]} Bf5+ {[%clk 0:17:47]} 39. Kd2
{[%clk 0:00:45]} Rxf3 {[%clk 0:17:31]} 40. Ne3 {[%clk 0:00:41]} Bh6
{[%clk 0:16:24]} 41. Qd4 {[%clk 0:00:37]} Qg5 {[%clk 0:13:40]} 42. Ncd1
{[%clk 0:00:32]} Bxh3 {[%clk 0:13:21]} 43. Qe4 {[%clk 0:00:39]} Rf8
{[%clk 0:07:56]} 44. Kc3 {[%clk 0:00:36]} Bg7+ {[%clk 0:07:47]} 45. Kb3
{[%clk 0:00:57]} Qd8 {[%clk 0:06:29]} 46. Nc4 Qb8+ {[%clk 0:06:36]} 47. Ka2
{[%clk 0:00:50]} Qb4 {[%clk 0:06:12]} 48. Nd2 {[%clk 0:00:49]} Qb7
{[%clk 0:05:02]} 49. Qd3 {[%clk 0:00:33]} Bg4 {[%clk 0:05:03]} 50. Rh2
{[%clk 0:00:33]} Bf5 {[%clk 0:04:08]} 51. Qb3 {[%clk 0:00:53]} Qc7
{[%clk 0:03:45]} 52. Qc4 {[%clk 0:01:09]} Qb6 {[%clk 0:03:51]} 53. Rg2
{[%clk 0:01:08]} Rc8 {[%clk 0:03:33]} 54. Qf4 {[%clk 0:01:22]} Bg6
{[%clk 0:03:37]} 55. Ne4 {[%clk 0:01:08]} Qd4 {[%clk 0:03:28]} 56. Ndc3
{[%clk 0:01:15]} Rxc3 {[%clk 0:03:27]} 57. bxc3 {[%clk 0:01:32]} Qxd5+
{[%clk 0:03:31]} 58. Kb2 {[%clk 0:01:33]} Qxe4 {[%clk 0:03:40]} 59. Qxe4
{[%clk 0:01:39]} Bxe4 {[%clk 0:04:10]} 60. Rg5 {[%clk 0:01:45]} d5
{[%clk 0:04:23]} 61. Kb3 {[%clk 0:01:57]} h6 {[%clk 0:04:43]} 62. Rg1
{[%clk 0:02:10]} Kf7 {[%clk 0:04:55]} 63. Ra1 {[%clk 0:02:34]} h5
{[%clk 0:05:09]} 64. Rxa5 {[%clk 0:02:50]} h4 {[%clk 0:05:24]} 65. c4
{[%clk 0:00:38]} d4 {[%clk 0:05:51]} 66. Ra2 {[%clk 0:00:33]} d3 {[%clk 0:05:30]}
67. Rh2 {[%clk 0:00:42]} Bf6 {[%clk 0:05:40]} 68. c5 {[%clk 0:00:55]} Bg5
{[%clk 0:04:45]} 69. c6 {[%clk 0:00:34]} Bxc6 {[%clk 0:04:59]} 70. Kc3
{[%clk 0:00:36]} Be4 {[%clk 0:05:23]} 71. Rf2+ {[%clk 0:00:43]} Ke6
{[%clk 0:05:30]} 72. Rf1 {[%clk 0:00:39]} d2 {[%clk 0:05:47]} 73. Rg1
{[%clk 0:00:32]} h3 {[%clk 0:05:50]} 74. Rf1 {[%clk 0:00:40]} h2 {[%clk 0:06:09]}
0-1

[Event "Iran Women Ch.2016"]
[Site "Tehran"]
[Date "2016.01.22"]
[Round "9.10"]
[White "Lotfi, Aylar"]
[Black "Davoodi, Yasaman"]
[Result "1/2-1/2"]
[BlackElo "1844"]
[WhiteElo "1973"]
[LiveChessVersion "1.4.7"]

1. c4 {[%clk 1:30:55]} Nf6 {[%clk 1:30:45]} 2. Nc3 {[%clk 1:31:18]} g6
{[%clk 1:30:39]} 3. g3 {[%clk 1:31:41]} Bg7 {[%clk 1:30:43]} 4. Bg2
{[%clk 1:32:05]} O-O {[%clk 1:31:06]} 5. d3 {[%clk 1:32:14]} c6 {[%clk 1:29:23]}
6. Nf3 {[%clk 1:30:45]} d6 {[%clk 1:24:33]} 7. O-O {[%clk 1:31:06]} Nbd7
{[%clk 1:24:55]} 8. Rb1 {[%clk 1:31:24]} Ng4 {[%clk 1:23:30]} 9. Bd2
{[%clk 1:29:29]} Nde5 {[%clk 1:15:15]} 10. Nxe5 {[%clk 1:24:54]} Nxe5
{[%clk 1:15:38]} 11. b4 {[%clk 1:23:54]} Bf5 {[%clk 1:15:13]} 12. b5
{[%clk 1:22:19]} Qd7 {[%clk 1:11:31]} 13. bxc6 {[%clk 1:17:03]} bxc6
{[%clk 1:11:22]} 14. Re1 {[%clk 1:10:58]} Bh3 {[%clk 1:09:37]} 15. Qa4
{[%clk 0:56:06]} Bxg2 {[%clk 1:09:10]} 16. Kxg2 {[%clk 0:56:35]} Ng4
{[%clk 1:05:36]} 17. Nd5 {[%clk 0:43:04]} Rfd8 {[%clk 1:04:27]} 18. Qxc6
{[%clk 0:40:18]} Qxc6 {[%clk 1:04:52]} 1/2-1/2

[Event "Iran Women Ch.2016"]
[Site "Tehran"]
[Date "2016.01.22"]
[Round "9.11"]
[White "Jafari, Golnaz"]
[Black "Ghazizadeh, Asana"]
[Result "1-0"]
[BlackElo "1864"]
[WhiteElo "1909"]
[LiveChessVersion "1.4.7"]

1. e4 e6 2. d4 d5 3. Nd2 Nf6 4. e5 Nfd7 5. Bd3 c5 6. c3 Nc6 7. Ne2 g6 8. Nf3 Bg7
9. O-O O-O 10. h4 cxd4 11. cxd4 f6 12. exf6 Nxf6 13. Bf4 Nh5 14. Bg5 Qb6 15. Qa4
Bd7 16. Bb5 a6 17. Bxc6 Bxc6 18. Qa3 Bb5 19. Qb3 Qa7 20. Qe3 Rae8 21. Rfe1 e5 22.
Nxe5 Bxe5 23. dxe5 Qxe3 24. Bxe3 Rxe5 25. Nd4 Bd7 26. Nb3 Rfe8 27. Red1 Bg4 28.
Rd4 Nf6 29. Bg5 Ne4 30. Bf4 Rf5 31. Be3 Nd6 32. Rxg4 Ne4 33. Rf4 Rh5 34. Rd1 Ng3
35. fxg3 Rxe3 36. Kf2 Rhe5 37. Nd4 Re8 38. Rd2 Re1 39. Re2 R8xe2+ 40. Nxe2 Ra1
41. Nc3 Rc1 42. Rb4 d4 43. Rxd4 Rc2+ 44. Kf3 Rxb2 45. h5 Rc2 46. Ne4 Rxa2 47. h6
Ra3+ 48. Kf4 Ra1 49. Rd8+ Kf7 50. Rd7+ Ke6 51. Rxb7 a5 52. Rxh7 a4 53. Ra7 a3 54.
h7 Rh1 55. Rxa3 Kf7 56. Ng5+ Kg7 57. Ra7+ Kh8 58. Ra8+ Kg7 59. Rg8+ 1-0

[Event "Iran Women Ch.2016"]
[Site "Tehran"]
[Date "2016.01.22"]
[Round "9.12"]
[White "Khachatourians, Teni"]
[Black "Azali, Tannaz"]
[Result "1-0"]
[BlackElo "1818"]
[WhiteElo "1771"]
[LiveChessVersion "1.4.7"]

1. e4 {[%clk 1:30:57]} c5 {[%clk 1:30:55]} 2. Nc3 {[%clk 1:31:22]} e6
{[%clk 1:31:12]} 3. f4 {[%clk 1:31:47]} a6 {[%clk 1:31:22]} 4. Nf3
{[%clk 1:32:11]} b5 {[%clk 1:31:27]} 5. d3 {[%clk 1:32:24]} Bb7 {[%clk 1:31:19]}
6. Qe2 {[%clk 1:32:19]} Be7 {[%clk 1:29:34]} 7. g3 {[%clk 1:32:39]} Nf6
{[%clk 1:26:13]} 8. Bg2 {[%clk 1:32:20]} Qc7 {[%clk 1:19:13]} 9. e5
{[%clk 1:24:08]} Nd5 {[%clk 1:18:53]} 10. Ne4 {[%clk 1:23:45]} h6
{[%clk 1:04:37]} 11. O-O {[%clk 1:23:12]} Nc6 {[%clk 0:58:21]} 12. c3
{[%clk 1:18:34]} d6 {[%clk 0:36:51]} 13. f5 {[%clk 1:08:57]} dxe5
{[%clk 0:32:09]} 14. fxe6 {[%clk 1:08:06]} f5 {[%clk 0:28:57]} 15. Ned2
{[%clk 1:05:33]} O-O-O {[%clk 0:27:11]} 16. a3 {[%clk 1:00:02]} Qd6
{[%clk 0:23:36]} 17. c4 {[%clk 0:58:49]} Nc7 {[%clk 0:22:48]} 18. cxb5
{[%clk 0:57:04]} axb5 {[%clk 0:22:59]} 19. Ne1 {[%clk 0:55:24]} Nxe6
{[%clk 0:21:01]} 20. Nb3 {[%clk 0:49:29]} g6 {[%clk 0:18:58]} 21. a4
{[%clk 0:48:12]} b4 {[%clk 0:18:15]} 22. Be3 {[%clk 0:45:22]} Ned4
{[%clk 0:15:23]} 23. Nxd4 {[%clk 0:45:31]} Nxd4 {[%clk 0:14:41]} 24. Qd1
{[%clk 0:42:41]} Bxg2 {[%clk 0:14:35]} 25. Kxg2 {[%clk 0:42:14]} Qd5+
{[%clk 0:14:27]} 26. Kg1 {[%clk 0:42:01]} g5 {[%clk 0:14:16]} 27. a5
{[%clk 0:37:06]} f4 {[%clk 0:14:03]} 28. Bf2 {[%clk 0:37:05]} f3 {[%clk 0:12:13]}
29. a6 {[%clk 0:35:30]} Ne2+ {[%clk 0:12:20]} 30. Kh1 {[%clk 0:35:51]} e4
{[%clk 0:10:29]} 31. a7 {[%clk 0:29:46]} Qa8 {[%clk 0:10:41]} 32. Qa4
{[%clk 0:28:55]} exd3 {[%clk 0:09:58]} 33. Nxd3 {[%clk 0:28:49]} Bd6
{[%clk 0:08:02]} 34. Rad1 {[%clk 0:19:26]} Rh7 {[%clk 0:06:23]} 35. Qa6+
{[%clk 0:17:52]} Kc7 {[%clk 0:06:22]} 36. Qa5+ {[%clk 0:17:52]} Kc8
{[%clk 0:06:23]} 37. Qa6+ {[%clk 0:16:58]} Kc7 {[%clk 0:06:34]} 38. Nxc5
{[%clk 0:15:36]} Bxc5 {[%clk 0:06:23]} 39. Qa5+ {[%clk 0:15:50]} Kc6
{[%clk 0:05:26]} 40. Qxc5+ {[%clk 0:16:03]} Kb7 {[%clk 0:05:41]} 41. Qb6+
{[%clk 0:16:24]} 1-0